000
00232nam a2200097Ia 4500
005
20251222114355.0
008
251222s1900||||xx |||||||||||||| ||spa||
082
_a
DVD0097 F57/1989
245
0
_a
Historia Universal del Arte
942
_c
DVD
999
_c
1398
_d
1398